Les formes régionales dans Pokémon - Statistiques

Statistiques générales
  • Ce quiz a été pris 409 fois
  • Le résultat moyen est 38 sur 54
Answers on the Grid
Answers color-coded by a green-red scale on the quiz's grid according to % correct below.
 
Statistiques - réponses
Réponse % Correct
80%
79%
78%
77%
77%
76%
76%
76%
75%
75%
75%
75%
75%
75%
74%
74%
73%
73%
73%
73%
73%
73%
72%
72%
72%
72%
71%
71%
71%
71%
71%
71%
70%
70%
70%
70%
69%
69%
69%
68%
68%
68%
68%
68%
68%
67%
67%
66%
65%
65%
65%
63%
62%
62%
Aucun quiz correspondant
Distribution des résultats
% des personnes avec chaque résultat
Percentile par nombre de réponses
Votre historique - résultats
Vous n’avez pas pris ce quiz